000 00644nam a22002057a 4500
003 OSt
005 20260518112119.0
008 220509b ||||| |||| 00| 0 eng d
040 _cAL
041 _aTulu
082 _aT894.3
_bMADN
100 _aMadhava Peraje ಮಾಧವ ಪೆರಾಜೆ
_9264035
245 _aNile:Samajika Tulu Kadambari ನಿಲೆ :ಸಾಮಾಜಿಕ ತುಳು ಕಾದಂಬರಿ
260 _aMangaluru
_bKarnataka Tulu Sahitya Academy
_c1997
300 _avii,76 p.
_bPB
_c21x13 cm.
365 _c
_d₹28.00
650 _aTulu Novel
_934773
700 _aMADHAVA PERAJE
_934774
942 _2ddc
_cGF
999 _c222838
_d222838